LEADER 00809nam0-2200277 --450 001 9910986992503321 005 20250326110805.0 010 $a978-88-238-3958-8 100 $a20250326d2024----kmuy0itay5050 ba 101 0 $aita 102 $aIT 105 $a 001yy 200 1 $a<>van Gogh di Liz Taylor$efalsi, furti e potere$ele regole del mercato dell'arte$fMarco Ventoruzzo 210 $aMilano$cEGEA$dc2024 215 $aVIII, 154 p.$d22 cm 300 $aTitolo della copertina 300 $aIl formato varia 676 $a344.097$v23$zita 700 1$aVentoruzzo,$bMarco$0280396 801 0$aIT$bUNINA$gREICAT$2UNIMARC 901 $aBK 912 $a9910986992503321 952 $aVIII I 609$b2025/146$fFGBC 959 $aFGBC 996 $aVan Gogh di Liz Taylor$94336622 997 $aUNINA